Les derniers trophées des clubs actuels des 5 grands championnats - Statistiques

Statistiques générales
  • Ce quiz a été pris 90 fois
  • Le résultat moyen est 29 sur 53
Statistiques - réponses
Année Trophée Club % Correct
2024 Ligue 1 Paris Saint Germain
100%
2023 La Liga FC Barcelone
99%
2024 La Liga Real Madrid
99%
2024 Bundesliga Bayer Leverkusen
98%
2023 Bundesliga FC Bayern Munich
98%
2024 Serie A Inter Milan
98%
2024 Premier League Manchester City
98%
2022 Serie A AC Milan
96%
2021 La Liga Atletico Madrid
96%
2020 Premier League Liverpool FC
96%
2020 Serie A Juventus FC
95%
2021 Ligue 1 LOSC Lille
95%
2023 Serie A Naples
95%
2017 Premier League Chelsea FC
93%
2016 Premier League Leicester
93%
2013 Premier League Manchester United
93%
2012 Ligue 1 Montpellier HSC
93%
2017 Ligue 1 AS Monaco
91%
2012 Bundesliga Borussia Dortmund
91%
2010 Ligue 1 Olympique de Marseille
91%
2008 Ligue 1 Olympique Lyonnais
85%
2004 Premier League Arsenal FC
78%
2001 Serie A AS Roma
73%
2004 La Liga Valence FC
73%
2001 Ligue 1 FC Nantes
66%
2009 Bundesliga VLF Wolfsburg
66%
2000 Serie A Lazio Rome
65%
1998 Ligue 1 RC Lens
60%
1996 Ligue 1 AJ Auxerre
52%
2007 Bundesliga VLF Stuttgart
51%
2004 Bundesliga Werder Bremen
49%
1984 La Liga Atletic Bilbao
30%
1981 Ligue 1 AS Saint-Étienne
28%
1987 Premier League Everton
23%
1962 Ligue 1 Stade de Reims
21%
1982 La Liga Real Sociedad
18%
1981 Premier League Aston Villa
17%
1979 Ligue 1 Racing club de Strasbourg
17%
1978 Premier League Nottingham Forest
16%
1959 Ligue 1 OGC Nice
15%
1976 Serie A Torino FC
13%
1969 Serie A Fiorentina
12%
1985 Serie A Hellas Verone
10%
1946 La Liga Seville FC
10%
1924 Serie A Genoa FC
9%
1927 Premier League Newcastle United
9%
1964 Serie A Bologne FC
7%
1935 La Liga Betis Seville
6%
1961 Premier League Tottenham Hotspur
5%
1970 Serie A Cagliari Calcio
4%
1959 Bundesliga Eintract Francfort
2%
1962 Premier League Ipswich Town
0%
1959 Premier League Wolves
0%
Aucun quiz correspondant
Distribution des résultats
% des personnes avec chaque résultat
Percentile par nombre de réponses
Votre historique - résultats
Vous n’avez pas pris ce quiz